Sanat "Äiti"- Juha Metsäperä - Statistics

Yleistilastot
  • Tätä visaa on pelattu 12 kertaa
  • Keskiarvotulos 69 / 138
Vastaustilastot
Answerja % Oikein
äiti
100%
on
75%
ei
63%
ja
63%
laulu
63%
63%
rakkaudesta
63%
sulle
63%
Tää
63%
tää
63%
aina
50%
ikävä
50%
ikävästä
50%
isä
50%
kuinka
50%
kun
50%
mitä
50%
niin
50%
sen
50%
sun
50%
alle
38%
elämä
38%
eron
38%
että
38%
haaveet
38%
harmaantuu
38%
hautautui
38%
hetkistä
38%
ilon
38%
jäähyväislaulu
38%
jään
38%
kasvaa
38%
kerron
38%
kesäpäivistä
38%
kiitos
38%
kuuluu
38%
kuutamoöistä
38%
kyyneleistä
38%
meille
38%
mennyt
38%
miten
38%
mitkä
38%
muut
38%
myötä
38%
nää
38%
näistä
38%
öistä
38%
päivistä
38%
puhun
38%
silloin
38%
suureks
38%
toteutui
38%
valvotuista
38%
meidän
25%
talven
25%
enkeleistä
13%
lohduttomista
13%
muistoista
13%
toivon
13%
Ehtoja vastaavia visoja ei löytynyt
Tulosjakauma
Jokaisen tuloksen saaneiden osuus
Persentiili vastausten määrän mukaan
Tuloshistoriasi
Et ole pelannut tätä visaa